000
00320nam a22001337a 4500
020
_a
978-0-8031-817
100
_a
Emery, Scott
245
_a
Annual Book Of ASTM Standards
250
_a
VOLUME 01.06 COATED STEEL
260
_a
New York
_b
ASTM International,
300
_a
886 p. ;
500
_a
Paperback.
942
_c
BK
999
_c
32863
_d
32863